| 000 | 00672nam a22001937a 4500 | ||
|---|---|---|---|
| 003 | BD-DhUL | ||
| 005 | 20160830105011.0 | ||
| 008 | 160830s2000 bg |||| |||| 00| 0 ben | ||
| 020 | _a9841103222 | ||
| 040 |
_aBD-DhUL _cBD-DhUL |
||
| 082 |
_a922.97 _bGOB |
||
| 100 | 1 | _aমোস্তফা, গোলাম। | |
| 245 | 1 |
_aবিশ্বনবীর বৈশিষ্ট্য / _cগোলাম মোস্তফা |
|
| 260 |
_aঢাকা : _bআহমদ, _c২০০০। |
||
| 300 |
_a৫৮ পৃ. ; _c২০ সেমি। |
||
| 365 |
_aBDT _b35.00 |
||
| 600 | 0 |
_aহযরত মুহাম্মদ ( স:) _xজীবনী |
|
| 942 |
_2ddc _cBK |
||
| 999 |
_c102749 _d102749 |
||